000 00751nam a2200265Ia 4500
003 OSt
005 20220918163448.0
006 a|||||r|||| 00| 0
007 ta
008 220917b |||||||| |||| 00| 0 eng d
020 _a0029012503 (hbk)
024 _a10,716
037 _cTextual
040 _aARTS
_cARTS
_beng
041 _2eng
_aeng
082 _asigma:f, L82-;1
100 _aBailey Kenneth D.
_913271
245 0 _aMethods of social research
260 _aNew York
_bFree Press
_c1978
300 _axviii,478p
_ccm.
500 _aGlossary 429-40p; Appendix 443-452p
650 _aRESEARCH METHODS; SOCIAL SCIENCES
_913272
942 _hsigma:f, L82-;1
_cTEXL
_2CC
999 _c119716
_d119716